• 首页
  • 本馆介绍
  • 公告通知
  • 最新文献
  • 馆藏检索
  • 电子资源
  • 读者荐购
  • 参考咨询
  • CALIS
  • 我的图书馆
  • 登录
  • 详细信息显示
  • 放入我的书架
  • 预约/预借图书
  • 作者相关作品
  • 分类相关作品
  • 丛书相关作品
  • 出版社相关作品

书目信息

  • 表格格式
  • 工作单格式
  • 卡片格式
题名:
注册土木工程师(港口与航道工程)专业考试应试指南
    
 
作者: 达欣 , 戴安 主编
分册:  
出版信息: 北京   中国建筑工业出版社  2006.02
页数: 369页
开本: 26cm
丛书名: 执业资格考试丛书
单 册:
中图分类: U65
科图分类:
主题词: 港口工程--gang kou gong cheng--考核--自学参考资料 , 航道工程--hang dao gong cheng--考核--自学参考资料
电子资源:
ISBN: 7-112-08154-8
 
 
 
 
 
000 01047nam 2200265 450
001 012006791234
005 20060913090240.89
010    @a7-112-08154-8@dCNY37.00
100    @a20060621d2006 km y0chiy0120 ea
101 0  @achi
102    @aCN@b110000
105    @aa z 000yy
200 1  @a注册土木工程师(港口与航道工程)专业考试应试指南@Azhu ce tu mu gong cheng shi(gang kou yu hang dao gong cheng)zhuan ye kao shi ying shi zhi nan@f达欣, 戴安主编@Fda xin,dai an zhu bian
210    @a北京@c中国建筑工业出版社@d2006.02
215    @a369页@c图@d26cm
225 2  @a执业资格考试丛书@Azhi ye zi ge kao shi cong shu
330    @a本书内容覆盖了专业考试大纲要求的专业知识考查点,同时引入相关的规范条款,并在每节后给出相应的典型试题。
410  0 @12001 @a执业资格考试丛书
606 0  @a港口工程@Agang kou gong cheng@x考核@j自学参考资料
606 0  @a航道工程@Ahang dao gong cheng@x考核@j自学参考资料
690    @aU65@v4
701  0 @a达欣@Ada xin@4主编
701  0 @a戴安@Adai an@4主编
801  0 @aCN@bQSSK@c20060913
905    @a10447@dU65@eD018
    
    注册土木工程师(港口与航道工程)专业考试应试指南/达欣, 戴安主编.-北京:中国建筑工业出版社,2006.02
    369页:图;26cm.-(执业资格考试丛书)
    
    
    ISBN 7-112-08154-8:CNY37.00
    本书内容覆盖了专业考试大纲要求的专业知识考查点,同时引入相关的规范条款,并在每节后给出相应的典型试题。
●
相关链接 在E读中查询图书 在当当中查询图书 在豆瓣中查询图书


正题名:注册土木工程师(港口与航道工程)专业考试应     索取号:U65/D018         预约/预借

序号 登录号 条形码 馆藏地/架位号 状态 备注
1 589900   205899009   自科库501/501自科库 58排7列5层/ [索取号:U65/D018] 在馆    
河南城建学院图书馆 欢迎您!
大连网信软件有限公司© 版权所有